<?xml version="1.0" encoding="UTF-8"?>
<record
    xmlns:xsi="http://www.w3.org/2001/XMLSchema-instance"
    xsi:schemaLocation="http://www.loc.gov/MARC21/slim http://www.loc.gov/standards/marcxml/schema/MARC21slim.xsd"
    xmlns="http://www.loc.gov/MARC21/slim">

  <leader>01687nam a2200289uu 4500</leader>
  <controlfield tag="001">1514038</controlfield>
  <controlfield tag="005">20260508092714.0</controlfield>
  <controlfield tag="007">cr|||||||</controlfield>
  <controlfield tag="008">181211s2018                        eng  </controlfield>
  <datafield tag="035" ind1=" " ind2=" ">
    <subfield code="a">1514038</subfield>
  </datafield>
  <datafield tag="040" ind1=" " ind2=" ">
    <subfield code="c">comduadb</subfield>
  </datafield>
  <datafield tag="041" ind1=" " ind2=" ">
    <subfield code="a">eng</subfield>
  </datafield>
  <datafield tag="080" ind1=" " ind2=" ">
    <subfield code="a">DIM</subfield>
  </datafield>
  <datafield tag="100" ind1="1" ind2="0">
    <subfield code="a">Villada Vargas, Carolina</subfield>
    <subfield code="4">aut</subfield>
    <subfield code="e">aut</subfield>
    <subfield code="9">783821</subfield>
  </datafield>
  <datafield tag="245" ind1="1" ind2="0">
    <subfield code="a">Design and development of nitrate-nitrite based molten salts for energy storage applications in CSP plants</subfield>
  </datafield>
  <datafield tag="260" ind1=" " ind2=" ">
    <subfield code="a">Medell&#xED;n :</subfield>
    <subfield code="b">[sin publicador],</subfield>
    <subfield code="c">2018.</subfield>
  </datafield>
  <datafield tag="300" ind1=" " ind2=" ">
    <subfield code="a">130 p&#xE1;ginas</subfield>
  </datafield>
  <datafield tag="520" ind1="3" ind2=" ">
    <subfield code="a">Esta tesis doctoral presenta nuevas mezclas alternativas de sales fundidas como medios de almacenamiento de energ&#xED;a en las tecnolog&#xED;as de concentraci&#xF3;n de energ&#xED;a solar. Se utilizaron varias t&#xE9;cnicas para examinar las propiedades t&#xE9;rmicas y reol&#xF3;gicas de las mezclas de sal seleccionadas. La evaluaci&#xF3;n del punto de fusi&#xF3;n, la capacidad t&#xE9;rmica, la estabilidad t&#xE9;rmica y la viscosidad realizadas por DSC, TGA, UV-vis y reometr&#xED;a; mostr&#xF3; que las nuevas mezclas de sales fundidas tienen grandes aplicaciones potenciales en sistemas de almacenamiento t&#xE9;rmico. El rango operativo se puede ampliar ya que una mayor &#x394;T reduce la cantidad de sal y, por lo tanto, los costos de capital de un sistema de almacenamiento de energ&#xED;a t&#xE9;rmica. Tambi&#xE9;n se estudi&#xF3; la evaluaci&#xF3;n de la sal fundida en contacto con los materiales del recipiente.</subfield>
  </datafield>
  <datafield tag="650" ind1=" " ind2=" ">
    <subfield code="a">Sales fundidas</subfield>
    <subfield code="9">31193</subfield>
  </datafield>
  <datafield tag="650" ind1=" " ind2=" ">
    <subfield code="a">Nitratos</subfield>
    <subfield code="9">28848</subfield>
  </datafield>
  <datafield tag="650" ind1=" " ind2="7">
    <subfield code="a">Energ&#xED;a solar</subfield>
    <subfield code="2">lemb</subfield>
    <subfield code="9">39308</subfield>
  </datafield>
  <datafield tag="650" ind1=" " ind2=" ">
    <subfield code="a">Almacenamiento t&#xE9;rmico</subfield>
    <subfield code="9">71010</subfield>
  </datafield>
  <datafield tag="700" ind1="1" ind2="0">
    <subfield code="a">Bol&#xED;var Osorio, Francisco</subfield>
    <subfield code="4">ths</subfield>
    <subfield code="e">ths</subfield>
    <subfield code="9">784081</subfield>
  </datafield>
  <datafield tag="942" ind1=" " ind2=" ">
    <subfield code="c">TESIS</subfield>
  </datafield>
  <datafield tag="999" ind1=" " ind2=" ">
    <subfield code="c">782852</subfield>
    <subfield code="d">782852</subfield>
  </datafield>
  <datafield tag="502" ind1=" " ind2=" ">
    <subfield code="b">208</subfield>
    <subfield code="c">17</subfield>
  </datafield>
  <datafield tag="526" ind1=" " ind2=" ">
    <subfield code="a">210</subfield>
  </datafield>
  <datafield tag="952" ind1=" " ind2=" ">
    <subfield code="0">0</subfield>
    <subfield code="1">0</subfield>
    <subfield code="4">0</subfield>
    <subfield code="7">0</subfield>
    <subfield code="8">TESELEC</subfield>
    <subfield code="a">CENDI</subfield>
    <subfield code="b">CENDI</subfield>
    <subfield code="d">2018-12-11</subfield>
    <subfield code="e">Material adquirido por donaci&#xF3;n</subfield>
    <subfield code="i">C1302124</subfield>
    <subfield code="l">0</subfield>
    <subfield code="o">DIM 12177</subfield>
    <subfield code="r">2023-05-04 00:00:00</subfield>
    <subfield code="t">1</subfield>
    <subfield code="w">2023-05-04</subfield>
    <subfield code="y">INTER</subfield>
    <subfield code="z">Acceso restringido.</subfield>
  </datafield>
</record>
